| 000 | 00612nam a2200169 4500 | ||
|---|---|---|---|
| 001 | 121146 | ||
| 003 | ES-MaACL | ||
| 005 | 20230906191710.0 | ||
| 007 | t| | ||
| 008 | 070214s1960 sp r ||||1| spa d | ||
| 100 | 1 |
_aPons Guri, José María. _993017 |
|
| 245 | 1 | 0 |
_aEstudi dels pilots _b: ensayo monográfico sobvre la Real Escuela Naútica de Arenys de Mar / _cpor José María Pons Guri. |
| 260 |
_aArenys de Mar : _bArchivo Histórico y Museo Fidel Fita, _c1960. |
||
| 300 |
_a148 p., 38 lám. ; _c24 cm. |
||
| 710 | 2 |
_aArchivo Histórico y Museo Fidel Fita. _91459 |
|
| 852 |
_aES-MaACL _jC-19144 _bR.47072 |
||
| 999 |
_c121146 _d121146 |
||